000 00938nam a2200241 i 4500
001 168441
003 ES-MaACL
005 20250513063025.0
008 080410s1960 fr |||| | fre d
080 _a821.134.2-24"16"
100 1 _aCalderón de la Barca, Pedro,
_d1600-1681
_eaut
_9239594
245 1 3 _aLe schisme d'Anglaterra (la Cisma de Inglaterra)
_b: comedia en trois journées /
_cPedro Calderón de la Barca ; texte français de Robert Marrast et André Reybaz.
260 _aParis :
_bL'Arche,
_c[1960]
300 _a77 p. ;
_c17 cm.
490 1 _aRépertoire pour un théatre populaire ;
_v23
650 1 4 _a
_9239575
700 0 _aMarrast, Robert,
_d1928-2015
_977060
700 1 _aReybaz, André.
_9137583
830 0 _aRépertoire pour un théatre populaire ;
_v23
_9222732
852 _aES-MaACL
_jE-12212
_9R.190428
_z.- Biblioteca Jacinto Martínez Lacalle
942 _2udc
999 _c168441
_d168441